Las asociaciones halófilas del partido de bahía blanca /

Guardado en:
Autor Principal: Verettoni, Haydeé Nora
Formato: Libro
Publicado: Bah¡a Blanca : Tall. Graf. Panzini, 1961
Materias:
Etiquetas: Agregar Etiqueta
Sin Etiquetas, Sea el primero en etiquetar este registro!
LEADER 00860nam a22001935a 4500
001 CEM.cems006526
008 130507s1961##################000#0#####d
005 20210920142341.0
003 CEMS
245 1 0 |a Las asociaciones halófilas del partido de bahía blanca / 
260 |a Bah¡a Blanca :  |b Tall. Graf. Panzini,  |c 1961 
300 |a 105 p. 
505 0 |a Terrenos aptos para  rboles forestales.-Especies adecuadas para cultivar. -Implantaci¢n de bosques por siembra directa.-Formaci¢n de bosques por siembra directa y por plantaci¢n.-Embosquecimientos especiales. -Cuidado de la plantaci¢n, raleos, explotaci¢n, tala. 
100 1 |a Verettoni, Haydeé Nora 
082 0 4 |a 582.09821 
653 |a Bahia blanca-halofilas 
653 |a Bahia blanca-vegetacion 
653 |a Fitogeografia argentina 
859 |a CEMS  |b BIB. CEMS - Agricultura  |h 582.09821  |i V585  |p A12746.83  |t Ej.1